| 000 | nkm a22 a 4500 | ||
|---|---|---|---|
| 999 |
_c398371 _d398371 |
||
| 003 | BLK | ||
| 005 | 20230405085630.0 | ||
| 008 | 180411b bul|||||r ||||||| ||bul|| | ||
| 040 | _aBLK | ||
| 041 |
_aRUS _cRUS |
||
| 080 |
_aЖивопис върху миниатюри. Илюстрации на книги _b75.056 _x-93(470)(092)(084) _z75.056-93(470)(092)(084) |
||
| 080 |
_aСъветски художник, живописец, график, сценограф, илюстратор _b929 Васнецов, Юрий Алексеевич |
||
| 139 | _aРусская сказка в творчестве Ю. А. Васнецова | ||
| 245 | 1 | 0 |
_aРусская сказка в творчестве Ю. А. Васнецова _bАльбом _cавт. текста и состав. В. Н. Петров |
| 257 | _aSUN | ||
| 260 |
_bХудожник РСФСР _cб.г. _9211505 _aЛенинград _n5- |
||
| 300 |
_a1 албум (140 с.) _bс цв. рис. _c36 см _e15 с. книжка-прилож. |
||
| 380 | _a7 | ||
| 500 | _aСъдържа 15 с. книжка-прилож. със загл. Сорока-Белобока с рис. от Ю. Васнецов. - 25 000 тир. - Парал. загл. данни и текст на англ.ез. | ||
| 600 | 1 | 4 |
_946433 _aВаснецов, Юрий Алексеевич |
| 600 | 0 |
_9441336 _aПетров, В. Н. |
|
| 650 | 0 |
_9351983 _aИлюстрации - албуми |
|
| 653 | 7 |
_9194507 _aприказки |
|
| 700 |
_aПетров, В. Н. _eавт. текста и состав. _9407 |
||
| 852 |
_aЦб ІІІ 424 _bЦб |
||
| 856 |
_i0.00 _ldisable |
||
| 942 |
_cGRA _n0 _s1 |
||
| 944 |
_aCR _c2021-02-12 _kСТ |
||
| 999 | _d398371 | ||
| 999 | _d398371 | ||